000 00270nam a2200109Ia 4500
008 200302s9999 xx 000 0 und d
100 _aFranklin Watts
245 _aGreat British Architects
260 _bDiagram Visual Information Ltd.
260 _c1986
300 _a39 P.,
999 _c2359
_d2359